| 000 | 01369cam a2200337 a 4500 | ||
|---|---|---|---|
| 001 | 15108234 | ||
| 003 | ARRUPE | ||
| 005 | 20170118122330.0 | ||
| 008 | 071211s2007 sg a b 001 0 eng | ||
| 010 | _a 2007543004 | ||
| 020 | _a9782869782037 (Codesria : pb) | ||
| 020 | _a9781842778326 (Zed Books : hb) | ||
| 020 | _a9781842778579 (Zed Books : pb) | ||
| 040 |
_aDLC _cDLC _dDLC |
||
| 043 | _af-ke--- | ||
| 050 | 0 | 0 |
_aJQ2947.A91 _bK45 2007 |
| 245 | 0 | 0 |
_aKenya : _bthe struggle for democracy / _cedited by Godwin R. Murunga and Shadrack Wanjala Nasong'o. |
| 260 |
_aDakar : _bCodesria Books ; _aLondon ; _aNew York : _bZed Books, _c2007. |
||
| 300 |
_axxi, 344 p. : _bill. ; _c22 cm. |
||
| 490 | 0 | _aAfrica in the new millennium | |
| 504 | _aIncludes bibliographical references and index. | ||
| 610 | 2 | 0 |
_aEuropean Union countries _xForeign relations _zTurkey _vCongresses. _928406 |
| 650 | 0 |
_aDemocratization _zKenya. _924908 |
|
| 650 | 0 |
_aKenya _xPolitics and government _y2002- _928407 |
|
| 700 | 1 |
_aMurunga, Godwin R. _928408 |
|
| 700 | 1 |
_aNasong'o, Shadrack Wanjala. _924907 |
|
| 856 | 4 | 1 |
_3Table of contents only _uhttp://www.loc.gov/catdir/toc/fy0803/2007543004.html |
| 906 |
_a7 _bcbc _corigcop _d3 _encip _f20 _gy-gencatlg |
||
| 942 |
_2lcc _cMONOGRAPH |
||
| 999 |
_c125984 _d125984 |
||